La actualidad económica (Registro nro. 28930)
[ vista simple ]
| 000 -LEADER | |
|---|---|
| fixed length control field | 00428 a2200133 4500 |
| 001 - CONTROL NUMBER | |
| control field | ART_25610 |
| 005 - DATE AND TIME OF LATEST TRANSACTION | |
| control field | 20260410161935.0 |
| 008 - FIXED-LENGTH DATA ELEMENTS--GENERAL INFORMATION | |
| fixed length control field | 260409a |
| 100 1# - MAIN ENTRY--PERSONAL NAME | |
| Personal name | Alsogaray, Alvaro Carlos |
| 245 10 - TITLE STATEMENT | |
| Title | La actualidad económica |
| 700 1# - ADDED ENTRY--PERSONAL NAME | |
| Personal name | Alemann, Roberto T. |
| 700 1# - ADDED ENTRY--PERSONAL NAME | |
| Personal name | Reig, Enrique Jorge |
| 773 0# - HOST ITEM ENTRY | |
| Title | Anales de la Academia Nacional de Ciencias Económicas |
| Related parts | - Vol. XXXII, (1987) (ene. 1988) |
| Record control number | REV25596 |
No hay ítems disponibles.